| 000 | 02415nam0a2200373 i 4500 | ||
|---|---|---|---|
| 001 | RU\NLR\BIBL_A\011459178 | ||
| 005 | 20260406001852.0 | ||
| 021 |
_aRU _b2017-55492 _93950 |
||
| 035 | _a(RuMoRGB)008947373 | ||
| 035 | _a(NLR Aleph) 011459178 | ||
| 090 |
_a11793429 _c11793429 |
||
| 100 | _a20170821d2017 u y0rusy50 ca | ||
| 101 | 0 |
_arus _eeng |
|
| 102 | _aRU | ||
| 105 | _aa|||j|||000yy | ||
| 200 | 1 |
_aМорфофункциональные особенности желез внутренней секреции _dMorphofunctional features of endocrine glands _eучебное пособие для студентов, обучающихся по направлениям подготовки 31.05.01 - Лечебное дело, 31.05.02 - Педиатрия, 31.05.03 - Стоматология _fО.Б. Низовибатько _gМинистерство образования и науки Российской Федерации, Федеральное государственное бюджетное образовательное учреждение высшего образования "Тамбовский государственный университет имени Г.Р. Державина" _zeng |
|
| 210 |
_aТамбов _cИзд-во ТГУ _d2017 |
||
| 215 |
_a74 с. _cил., табл. _d21 |
||
| 300 | _aАвт. также на англ. яз.: O.B. Nizovibatko | ||
| 320 | _aБиблиогр.: с. 74 (7 назв.) | ||
| 510 | 1 |
_6z77790 _aMorphofunctional features of endocrine glands _zeng |
|
| 606 | 1 |
_aЖелезы внутренней секреции _jУчебные издания для высших учебных заведений _xМорфофункциональные особенности _92337110 _3RU\NLR\AUTH\6601620985 |
|
| 606 |
_aЭндокринные болезни _jУчебные издания для высших учебных заведений _92560012 _3RU\NLR\AUTH\661514398 |
||
| 686 |
_aЕ864.3я73-1 _2rubbk |
||
| 686 |
_aЕ97я73-1 _2rubbk |
||
| 686 | 1 | _aЕ 97я73 | |
| 686 | 1 | _aЕ864.3я73 | |
| 686 | 1 | _aР415.1я73 | |
| 700 | 1 |
_7ca _8rus _aНизовибатько _bО. Б. _gОксана Борисовна _994355 _3RU\NLR\AUTH\77111430 |
|
| 790 | 1 |
_7ba _8rus _aNizovibat'ko _bO. B. _gOksana Borisovna _994357 _3RU\NLR\AUTH\77111432 |
|
| 942 | _cBOOK | ||
| 980 | _aNBR | ||